000 00323pab a2200145 454500
008 180718b1988 xxu||||| |||| 00| 0 eng d
100 _aVohra, B.B.
245 _aConfusion on the forestry front
260 _c1988
300 _a24-5
362 _a16 Dec.
650 _aForests - India
773 _aYojana
909 _a8893
999 _c8893
_d8893